| 000 | 01000nam a2200301 a 4500 | ||
|---|---|---|---|
| 001 | 4279906 | ||
| 003 | GBCCL | ||
| 005 | 20241126110354.0 | ||
| 008 | 870824t19851984ctu b 001 0 eng | ||
| 010 | _a 85051083 | ||
| 020 | _a0896222721 (pbk.) | ||
| 040 |
_aDLC _cDLC _dDLC |
||
| 041 | 1 | _aengdut | |
| 050 | 0 | 0 |
_aBT902 _b.W35 1985 |
| 082 | 0 | 0 |
_a236 _219 _bWAL |
| 100 | 1 |
_aWalle, A. R. van de. _92006 |
|
| 240 | 1 | 0 |
_aTot het aanbreken van de dageraad. _lEnglish |
| 245 | 1 | 0 |
_aFrom darkness to the dawn : _bhow belief in the afterlife affects living / _cA.R. van de Walle. |
| 260 |
_aMystic, Conn. : _bTwenty-Third Publications, _c1985, c1984. |
||
| 300 |
_a261 p. ; _c22 cm. |
||
| 500 | _aTranslation of: Tot het aanbreken van de dageraad. | ||
| 500 | _aIncludes indexes. | ||
| 504 | _aBibliography: p. 227-247. | ||
| 610 | 2 | 0 |
_aCatholic Church _xDoctrines. _92007 |
| 650 | 0 |
_aFuture life _xCatholic Church. _92008 |
|
| 906 |
_a7 _bcbc _corignew _d3 _eocip _f19 _gy-gencatlg |
||
| 942 |
_2ddc _cBK _03 |
||
| 999 |
_c1118 _d1118 |
||